Drei Größte Städte je Bundesland - Statistiken

Allgemein
  • Dieses Quiz wurde 267 mal gespielt
  • Das Durchschnittsergebnis liegt bei 30 aus 39
Antwortstatistiken
Bundesland Einwohner Antwort % Korrekt
NRW 1.087.353 Köln
98%
Bayern 1.510.378 München
98%
Baden-Württemberg 633.484 Stuttgart
97%
Sachsen 566.222 Dresden
95%
NRW 631.217 Düsseldorf
95%
Hessen 775.790 Frankfurt
95%
Sachsen 619.879 Leipzig
95%
Bayern 526.091 Nürnberg
95%
NRW 595.471 Dortmund
94%
Niedersachsen 548.186 Hannover
94%
Saarland 183.509 Saarbrücken
94%
Schleswig-Holstein 248.873 Kiel
92%
Rheinland-Pfalz 222.889 Mainz
91%
Brandenburg 187.119 Potsdam
91%
Bayern 303.150 Augsburg
89%
Mecklenburg- Vorpommern 209.920 Rostock
88%
Hessen 285.522 Wiesbaden
88%
Thüringen 215.675 Erfurt
87%
Mecklenburg- Vorpommern 98.596 Schwerin
87%
Sachsen-Anhalt 240.114 Magdeburg
84%
Baden-Württemberg 316.877 Mannheim
83%
Niedersachsen 252.066 Braunschweig
79%
Thüringen 110.791 Jena
78%
Baden-Württemberg 309.964 Karlsruhe
78%
Sachsen 250.681 Chemnitz
77%
Hessen 204.687 Kassel
74%
Schleswig-Holstein 219.044 Lübeck
74%
Schleswig-Holstein 92.667 Flensburg
70%
Brandenburg 100.010 Cottbus
69%
Sachsen-Anhalt 242.172 Halle
69%
Thüringen 94.847 Gera
64%
Niedersachsen 174.629 Oldenburg
64%
Brandenburg 73.921 Brandenburg
58%
Rheinland-Pfalz 115.289 Koblenz
58%
Rheinland-Pfalz 176.110 Ludwigshafen
53%
Saarland 42.498 Homburg
44%
Mecklenburg- Vorpommern 63.989 Neubrandenburg
41%
Saarland 47.097 Neunkirchen
38%
Sachsen-Anhalt 79.686 Dessau-Roßlau
26%
Keine übereinstimmenden Quizze gefunden
Verteilung der Resultate
Anzahl Personen mit jedem Resultat
Perzentil nach korrekt beantworteten Fragen
Ihre Resultats-Entwicklung
Sie haben dieses Quiz noch nicht gespielt